01785cam a22003375a 4500003000900000005001700009008004100026020001600067020001800083040004300101082001700144100006700161245004100228250003600269264005200305300002800357336002600385337002800411338002700439500002100466520064300487600001001130650004001140650004601180651001001226653003501236655002401271942001201295999001701307952012301324EG-ScBUE20220628112622.0080731s1990 enk f 001 0 eng d a0521398312  a9780521398312 aEG-ScBUEbengerdacEG-ScBUEdEG-ScBUE042422aLEWb221 aLewis, C. S.‏q(Clive Staples),‏ d1898-1963‏,eauthor.10aStudies in words / cby C. S. Lewis. aSecond edition,bCanto edition. 1aCambridge :bCambridge University Press,c1990. avii, 342 pages ;c21 cm 2rdacontentatextbtxt 2rdamediaaunmediatedbn 2rdacarrieravolumebnc aIncludes index.  aLanguage - in its communicative and playful functions, its literary formations and its shifting meanings - is a perennially fascinating topic. C.S. Lewis's Studies in Words explores this fascination by taking a series of words and teasing out their connotations using examples from a vast range of English literature, recovering lost meanings and analysing their functions. It doubles as an absorbing and entertaining study of verbal communication, its pleasures and problems. The issues revealed are essential to all who read and communicate thoughtfully, and are handled here by a masterful exponent and analyst of the English language. 72BUEsh 7aEnglish languagexEtymology.2BUEsh 7aEnglish languagexSemantics.2BUEsh93196 72BUEsh 7bHHUUEENNcAugust2015cJuly2019 vReading book934232 2ddccBB c10033d10033 00102ddc4070aMAINbMAINc2NDd2008-07-31ePurchasel0o422 LEWp000013386r2025-07-15 00:00:00u13817v2008.00yBB